Prvorozené dítě : o sourozenecké pozici /
Příručka se věnuje problematice prvorozených dětí, kteří jsou nuceni dělit se o přízeň a lásku rodičů s příchodem sourozence.
Uloženo v:
| Hlavní autor: | |
|---|---|
| Další autoři: | |
| Médium: | Kniha |
| Jazyk: | Czech |
| Vydáno: |
Praha :
Portál,
2009
|
| Vydání: | Vyd. 2., V Portálu 1. |
| Edice: | Rádci pro rodiče a vychovatele
|
| Témata: | |
| Celkem bylo vypůjčeno: | 15x |
| On-line přístup: | Obsah |
| Tagy: |
Žádné tagy |
| LEADER | 02097nam a2200517 a 4500 | ||
|---|---|---|---|
| 001 | 75817 | ||
| 005 | 20240814134737.0 | ||
| 008 | 120605s2009----xr ---------u-------cze-d | ||
| 015 | |a cnb001855113 | ||
| 020 | |a 978-80-7367-516-5 |q (brož.) : |c 225.00 Kč | ||
| 040 | |a UOG502 |e AACR2 |9 1 |b cze | ||
| 041 | 1 | |a cze |h ger | |
| 072 | 7 | |x Sociální interakce |2 Konspekt | |
| 080 | |a 159.922.7 | ||
| 080 | |a 173 | ||
| 080 | |a 316.356.2 | ||
| 080 | |a 37.03-053.2 | ||
| 100 | 1 | |a Prekop, Jirina, |d 1929- |7 jn20020320001 |4 aut |9 24209 | |
| 245 | 1 | 0 | |a Prvorozené dítě : |b o sourozenecké pozici / |c Jiřina Prekopová ; [z německého originálu ... přeložila Hana Vrbová] |
| 250 | |a Vyd. 2., V Portálu 1. | ||
| 260 | |a Praha : |b Portál, |c 2009 | ||
| 300 | |a 159 s. ; |c 20 cm | ||
| 490 | 1 | |a Rádci pro rodiče a vychovatele | |
| 504 | |a Obsahuje bibliografii | ||
| 520 | 2 | |a Příručka se věnuje problematice prvorozených dětí, kteří jsou nuceni dělit se o přízeň a lásku rodičů s příchodem sourozence. | |
| 650 | 0 | 4 | |a psychologie dítěte |7 ph117256 |9 1106 |
| 650 | 0 | 4 | |a rodiče a děti |7 ph116053 |9 1107 |
| 650 | 0 | 4 | |a sourozenecké konstelace |7 ph138693 |9 1123 |
| 650 | 0 | 4 | |a rodinné vztahy |7 ph135535 |9 959 |
| 650 | 0 | 4 | |a výchova dítěte |7 ph127420 |9 1108 |
| 650 | 0 | 9 | |a sibling constellations |7 |
| 650 | 0 | 9 | |a child psychology |7 |
| 650 | 0 | 9 | |a parents and children |9 52195 |7 |
| 650 | 0 | 9 | |a family relations |7 |
| 650 | 0 | 9 | |a child rearing |9 52194 |7 |
| 653 | |a prvorozené děti | ||
| 655 | 4 | |a populárně-naučné publikace |7 fd131864 |9 102 | |
| 700 | 1 | |a Vrbová, Hana, |d 1929-1995 |4 trl |9 49812 | |
| 765 | 1 | 8 | |t Erstgeborene |
| 830 | 0 | |a Rádci pro rodiče a vychovatele | |
| 856 | 4 | |u http://toc.nkp.cz/NKC/200904/contents/nkc20091855113_1.pdf |y Obsah | |
| 901 | |b 9788073675165 |f 2. vyd., 1. vyd. v nakl. Portál |o 20090728 | ||
| 910 | |a UOG502 | ||
| 999 | |c 75817 |d 75817 | ||
| 942 | 0 | 0 | |0 14 |
| 993 | |0 0 |1 421180076612 |2 ddc |4 0 |6 316_000000000000000 |7 0 |9 57746 |a 168.75 |b 0 |c 76612 |d 2012-06-05 |e 15 |f DOSP |g 316 |h 225.00 |i Kosmas Praha |j 127 |l DOSP |m 3 |r 2021-02-03 |s 2018-05-11 |t 5 |w 2017-09-19 |y KN |z NAUCNA | ||